Derecho de policía para todos : Código nacional de policía y convivencia /

Bibliographic Details
Main Author: Caballero Montejo, Gustavo Adolfo (Author)
Format: Electronic eBook
Language:Spanish
Published: Medellín : Ediciones UNAULA, [2018]
Series:Ius et respublica.
Subjects:
Online Access:Digitalia Hispánica

MARC

LEADER 00000nam a2200000Ii 4500
001 DIGUNAU0180
003 NyNyDIG
006 m o d
007 cr |||||||||||
008 230217s2018 ck ob 000 0 spa d
035 |a (OCoLC)1371186465 
040 |a DGITA  |b eng  |e rda  |e pn  |c DGITA 
020 |z 9789588869988 
043 |a s-ck--- 
050 1 4 |a KHH3228 ebook 
100 1 |a Caballero Montejo, Gustavo Adolfo,  |e author. 
245 1 0 |a Derecho de policía para todos :  |b Código nacional de policía y convivencia /  |c Gustavo Adolfo Caballero Montejo. 
264 1 |a Medellín :  |b Ediciones UNAULA,  |c [2018] 
300 |a 1 online resource. 
336 |a text  |b txt  |2 rdacontent 
337 |a computer  |b c  |2 rdamedia 
338 |a online resource  |b cr  |2 rdacarrier 
347 |a text file  |2 rdaft 
347 |b PDF 
490 1 |a Serie Ius et respublĭca 
500 |a "Ley 1801 de 2016--DN 555 de 2017--DNR 1284 de 2017."--Cover. 
504 |a Includes bibliographical references. 
588 0 |a Online resource; title from PDF title page (Digitalia, viewed February 17, 2023) 
650 0 |a Police  |z Colombia. 
650 0 |a Police regulations  |z Colombia. 
650 0 |a National security  |x Law and legislation  |z Colombia. 
791 2 |a Digitalia (Firm),  |e distributor. 
793 0 |g Digitalia eBook Collection:  |a Ediciones UNAULA 
776 0 8 |i Print version:  |a Caballero Montejo, Gustavo Adolfo.  |t Derecho de policía para todos.  |b Primera edición.  |d Medellín : Ediciones UNAULA, 2018  |z 9789588869988 
830 0 |a Ius et respublica. 
856 4 0 |3 Digitalia Hispánica  |u https://www.digitaliapublishing.com/a/119307/ 
910 |a Premium collection: 2023